000 00902nam a22003017a 4500
001 BR7906236
003 BR-BrBNA
005 20230928090133.0
007 ta
008 230509b bl.||||| |||| 00| 0 por d
040 _aBR-BrBNA
_bpor
_cBiblioteca Nacional de Agricultura
041 _a(Por)
072 _aF24; F22
_b/G514
090 _ F24 BR7906236
100 1 _aSilva, A.H.
100 1 _aMartins, A.F.
100 1 _aMendonca, E.G.
110 1 _aSecretaria de Agricultura e Colonizacao, Boa Vista, RR (Brasil)
_98655
245 1 _aLevantamentos, analises de solos e resultados: das diversas regioes do Territorio Federal de Roraima [Brasil]
260 3 _aBoa Vista, RR (Brasil):
_c1979.
300 _a8 p.
650 _aReconhecimento do solo
650 _aQuimica do solo
650 _aFisica do solo
650 _aRoraima
909 _a202309
_bLucia
_c55
_dLucia Elande
942 _cBK
999 _c27922
_d27922